Happiness is : a warm puppy
| Main Author: | |
|---|---|
| Format: | Book |
| Published: |
Singapore :
Federal Publications ,
1962
|
| Subjects: |
MARC
| LEADER | 00000cam a2200000 7i4500 | ||
|---|---|---|---|
| 001 | 0000002974 | ||
| 002 | 000003219 | ||
| 005 | 20000330.0 | ||
| 020 | |a 9810120257 | ||
| 090 | 0 | 0 | |a JF |b SCH |
| 100 | 1 | |a Schulz, Charles M | |
| 245 | 1 | 0 | |a Happiness is : |b a warm puppy |c Charles M.Schulz |
| 260 | |a Singapore : |b Federal Publications , |c 1962 | ||
| 300 | |a s.l : |b ill ; |c 17cm. | ||
| 650 | 0 | 0 | |a Children's stories |
| 999 | |a 036528 |b BUKU |c JUNIOR FICTION |e PERPUSTAKAAN KOMUNITI PETALING JAYA | ||